[Event "SZCZYRK OPEN - TURNIEJ Z OKAZJI SWIETA NIEPODLEGLOSCI - BLITZ 3'+2'' "]
[Site "Szczyrk"]
[Date "2018-11-11"]
[Round "9.71"]
[White "Fil, Grzegorz"]
[Black "Kubik, Rafal "]
[Result "0-1"]
[WhiteTitle ""]
[BlackTitle ""]
[WhiteElo "1173"]
[BlackElo "1109"]

1. c4 Nf6 2. Nc3 g6 3. Nf3 Bg7 4. g3 c6 5. Bg2 O-O 6. d3 d5 7. cxd5 Nxd5 8. Bd2
Nd7 9. Qc2 N7f6 10. a3 Bg4 11. O-O Qd7 12. b4 Bh3 13. Rab1 Nh5 14. Ng5 Bxg2 15.
Kxg2 Bxc3 16. Bxc3 Qg4 17. Nf3 Nhf4+ 18. Kh1 Nxc3 19. gxf4 Nxb1 20. Qxb1 Rfd8
21. Nd2 Qxe2 22. Nc4 Qf3+ 23. Kg1 Qxd3 24. Qxd3 Rxd3 25. Re1 e6 26. Ra1 Rad8 27.
Kg2 R8d4 28. Na5 Rxf4 29. Nxb7 Rff3 30. Na5 Rxa3 31. Rxa3 Rxa3 32. Nxc6 Ra4 33.
b5 f5 34. Kf3 Kf7 35. Ke3 Ke8 36. Kd3 Kd7 37. Kc3 a6 38. Nd4 Rxd4 39. Kxd4 axb5
40. Kc5 e5 41. Kxb5 e4 42. Kc4 Ke6 43. Kd4 h5 44. h3 g5 45. Ke3 Ke5 46. f3 g4
47. fxg4 fxg4 48. hxg4 hxg4 49. Kf2 Kf4 50. Ke2 g3 51. Kf1 Kf3 52. Kg1 g2 53.
Kh2 Kf2 54. Kh3 g1=Q 55. Kh4 Qg6 56. Kh3 Qg3# 0-1

[Event "SZCZYRK OPEN - TURNIEJ Z OKAZJI SWIETA NIEPODLEGLOSCI - BLITZ 3'+2'' "]
[Site "Szczyrk"]
[Date "2018-11-11"]
[Round "9.72"]
[White "Krasniewski, Piotr "]
[Black "Wydmanski, Szymon"]
[Result "0-1"]
[WhiteTitle ""]
[BlackTitle ""]
[WhiteElo "1062"]
[BlackElo "1165"]

1. e4 c5 2. Nf3 d6 3. d4 cxd4 4. Nxd4 Nf6 5. Nc3 a6 6. Be3 e5 7. Nb3 Be6 8. Be2
Be7 9. O-O O-O 10. f4 exf4 11. Bxf4 Nc6 12. Bg5 b5 13. Nd2 h6 14. Bh4 b4 15. Bxf6
Bxf6 16. Nd5 Bxd5 17. exd5 Ne5 18. Rb1 Qb6+ 19. Kh1 Rac8 20. Rxf6 gxf6 21. Bh5
f5 22. Nf3 Ng6 23. Rc1 Nf4 24. Ne1 Ng6 25. c3 bxc3 26. bxc3 Qf2 27. Nf3 Nf4 28.
Bxf7+ Rxf7 29. Qg1 Qxg1+ 30. Kxg1 Ne2+ 31. Kf1 Nxc1 32. Ke1 Nxa2 33. Kd2 Nxc3
34. Ne1 Nxd5 35. Nd3 f4 36. g3 f3 37. Nf2 Rb8 0-1

[Event "SZCZYRK OPEN - TURNIEJ Z OKAZJI SWIETA NIEPODLEGLOSCI - BLITZ 3'+2'' "]
[Site "Szczyrk"]
[Date "2018-11-11"]
[Round "9.73"]
[White "Oklinski, Franciszek "]
[Black "Kot, Ewelina "]
[Result "1-0"]
[WhiteTitle ""]
[BlackTitle ""]
[WhiteElo "1098"]
[BlackElo "1163"]

1. e4 e6 2. d4 d5 3. exd5 exd5 4. c4 dxc4 5. Bxc4 Nf6 6. Bg5 h6 7. Bh4 Nbd7 8.
Qb3 Qe7+ 9. Ne2 b6 10. O-O Bb7 11. Nbc3 a6 12. Nd5 Bxd5 13. Bxd5 Rc8 14. Rfe1
Kd8 15. Nf4 Qd6 16. Qe3 g5 17. Qe5 Qxe5 18. dxe5 Nxd5 19. Nxd5 gxh4 20. Rad1 Rg8
21. Nf6 Rg5 22. Rxd7# 1-0

[Event "SZCZYRK OPEN - TURNIEJ Z OKAZJI SWIETA NIEPODLEGLOSCI - BLITZ 3'+2'' "]
[Site "Szczyrk"]
[Date "2018-11-11"]
[Round "9.76"]
[White "Fic, Joanna"]
[Black "Seo, Ian "]
[Result "0-1"]
[WhiteTitle ""]
[BlackTitle ""]
[WhiteElo "1004"]
[BlackElo "1119"]

1. e4 e5 2. f4 f6 3. Nf3 Nc6 4. Bc4 Bc5 5. Nc3 Nge7 6. d3 d6 7. fxe5 dxe5 8. Bd2
Bg4 9. h3 Bh5 10. g4 Bg6 11. Qe2 a6 12. O-O-O b5 13. Bb3 a5 14. a3 a4 15. Ba2
b4 16. axb4 Nxb4 17. h4 Nxa2+ 18. Kb1 Nxc3+ 19. Bxc3 h6 20. h5 Bf7 21. d4 exd4
22. Nxd4 Qb8 23. Rhf1 a3 24. Qc4 Bxc4 0-1

[Event "SZCZYRK OPEN - TURNIEJ Z OKAZJI SWIETA NIEPODLEGLOSCI - BLITZ 3'+2'' "]
[Site "Szczyrk"]
[Date "2018-11-11"]
[Round "9.77"]
[White "Szwacinska, Wiktoria "]
[Black "Walentyn, Zuzanna"]
[Result "1/2-1/2"]
[WhiteTitle ""]
[BlackTitle ""]
[WhiteElo "1117"]
[BlackElo "1026"]

1. e4 c5 2. Nc3 Nc6 3. Nf3 g6 4. Bb5 Bg7 5. d3 Nf6 6. Be3 d6 7. O-O e5 8. Nd5 O-O
9. Nxf6+ Bxf6 10. Bxc6 bxc6 11. Qd2 d5 12. exd5 cxd5 13. Bh6 Re8 14. Rfe1 e4 15.
dxe4 dxe4 16. Qxd8 Bxd8 17. Nd2 Bf6 18. Nxe4 Bxb2 19. Rab1 Bh8 20. Nxc5 Rxe1+
21. Rxe1 Bf5 22. c3 Bg7 23. Bxg7 Kxg7 24. h3 Rc8 25. Na4 Bc2 26. Re7 Bxa4 27.
Rxa7 Bc2 28. Ra3 Be4 29. f3 Bc6 30. Kh2 Kf6 31. c4 Ke5 32. Rc3 Kd4 33. Rc1 Bd7
34. g4 Be6 35. c5 Rxc5 36. Rxc5 Kxc5 37. a3 Kb5 38. Kg3 Ka4 39. Kf4 Kxa3 40. h4
Kb4 41. Ke3 Kc5 42. g5 Kd5 43. f4 Kd6 44. Kd4 Ke7 45. Ke5 Kf8 46. Kf6 Kg8 47.
Ke5 Kg7 48. Ke4 f6 49. Ke3 fxg5 50. fxg5 h6 51. Kf4 hxg5+ 52. hxg5 Kh7 53. Kg3
Bd7 54. Kh4 Kg7 55. Kg3 Kf7 56. Kf4 Bc8 57. Ke5 Bb7 58. Kd6 Bf3 59. Ke5 Bb7 60.
Kd6 Ba6 61. Ke5 Be2 62. Kd6 Ke8 63. Ke6 Bd3 1/2-1/2